000 03520cam a2200385 i 4500
001 ssj0001558518
003 EG-ScBUE
005 20241013090620.0
008 150701t2015 gw a f b 001 0 eng d
020 _a9783319178516
040 _aEG-ScBUE
_beng
_erda
_cEG-ScBUE
_dWaSeSS
_dEG-ScBUE
082 0 4 _a515.35
_222
_bLOG
100 1 _aLogan, J. David.
_q(John David)
_eauthor.
_937876
245 1 2 _aA first course in differential equations /
_cby J. David Logan.
250 _aThird edition.
264 1 _aCham :
_bSpringer,
_c[2015]
264 4 _cc2015
300 _aXIII, 369 pages :
_billustrations ;
_c24 cm.
336 _2rdacontent
_atext
_btxt
337 _aunmediated
_2rdamedia
_bn
338 _avolume
_bnc
_2rdacarrier
490 0 _aUndergraduate texts in mathematics
504 _aIncludes bibliographical references and index.
505 0 _aPreface to the Third Edition.-1. First-Order Differential Equations -- 2. Second-Order Linear Equations -- 3. Laplace Transforms -- 4. Linear Systems -- 5. Nonlinear Systems -- 6. Computation of Solutions -- Appendix A. Review and Supplementary Exercises.-Appendix B. Matlab(R) Supplement -- References -- Index.
506 _aAvailable on campus and off campus with authorized login.
520 _aThe third edition of this concise, popular textbook on elementary differential equations gives instructors an alternative to the many voluminous texts on the market. It presents a thorough treatment of the standard topics in an accessible, easy-to-read, format. The overarching perspective of the text conveys that differential equations are about applications. This book illuminates the mathematical theory in the text with a wide variety of applications that will appeal to students in physics, engineering, the biosciences, economics and mathematics. Instructors are likely to find that the first four or five chapters are suitable for a first course in the subject. This edition contains a healthy increase over earlier editions in the number of worked examples and exercises, particularly those routine in nature. Two appendices include a review with practice problems, and a MATLAB® supplement that gives basic codes and commands for solving differential equations. MATLAB® is not required; students are encouraged to utilize available software to plot many of their solutions. Solutions to even-numbered problems are available on springer.com. From the reviews of the second edition: “The coverage of linear systems in the plane is nicely detailed and illustrated. …Simple numerical methods are illustrated and the use of Maple and MATLAB is encouraged. …select Dave Logan’s new and improved text for my course.” —Robert E. O’Malley, Jr., SIAM Review, Vol. 53 (2), 2011  “Aims to provide material for a one-semester course that emphasizes the basic ideas, solution methods, and an introduction to modeling. …The book that results offers a concise introduction to the subject for students of mathematics, science and engineering who have completed the introductory calculus sequence. …This book is worth a careful look as a candidate text for the next differential equations course you teach.” —William J. Satzer, MAA Reviews, January, 2011.
650 7 _aMathematics.
_2BUEsh
_92018
650 7 _aDifferential equations.
_2BUEsh
_937976
651 _2BUEsh
653 _bBUSECO
_cOctober2016
655 _vReading book
773 0 _tSpringer eBooks
776 0 8 _iPrinted edition:
_z9783319178516
942 _2ddc
_cBB
999 _c22564
_d22536